000
00290nam a22001337a 4500
008
170405b xxu||||| |||| 00| 0 eng d
020
_a
9780321928092
041
_a
eng
080
_2
14 ED
_a
574
100
_a
9
101
_a
SHM
245
_a
EARTH SCIENCE
_c
TARBUCK.E.J
942
_2
udc
_c
BK
999
_c
9783
_d
9783